header

Indonesia (Record no. 223074)

MARC details
000 -LEADER
fixed length control field 01412nam a2200337 a 4500
245 00 - TITLE STATEMENT
Title Indonesia
260 ## - PUBLICATION, DISTRIBUTION, ETC. (IMPRINT)
Place of publication Geneva :
Name of publisher International Labour Office,
Year of publication 2011.
300 ## - PHYSICAL DESCRIPTION
Number of Pages xi, 113 p. :
Other physical details ill. (some col.).
490 1# - SERIES STATEMENT
Series statement Studies on growth with equity
650 #0 - SUBJECT ADDED ENTRY--TOPICAL TERM
Topical Term Public welfare
856 40 - ELECTRONIC LOCATION AND ACCESS
Uniform Resource Identifier http://site.ebrary.com/lib/rucke/Doc?id=10512152

No items available.

© 2026 Rongo University
Contact us: librarian | system librarian | Rongo university